[Event "Krefeld op"]
[Site "Krefeld"]
[Date "2022.08.07"]
[Round "7"]
[White "Vortmeier, Jan"]
[Black "Sebastian, Thorsten"]
[Result "1/2-1/2"]
[WhiteElo "1667"]
[BlackElo "1474"]
[PlyCount "85"]
[EventDate "2022.08.04"]
[EventType "swiss"]
[EventRounds "9"]
[EventCountry "GER"]
[SourceTitle "CBM 209 Extra"]
[Source "ChessBase"]
[SourceDate "2022.09.30"]
[SourceVersion "1"]
[SourceVersionDate "2022.09.30"]
[SourceQuality "1"]

1. Nf3 d5 2. g3 Nf6 3. Bg2 e6 4. 0-0 c5 5. c4 Nc6 6. d4 Be7 7. Nc3 0-0 8. cxd5 exd5 9. b3 cxd4 10. Nxd4 Be6 11. Bb2 Rc8 12. Rc1 Nxd4 13. Qxd4 Bc5 14. Qd3 a6 15. Na4 Ba7 16. Rxc8 Bxc8 17. Bxf6 Qxf6 18. Qxd5 Rd8 19. Qf3 b5 20. Qxf6 gxf6 21. Nc3 Rd2 22. Rd1 Rxd1+ 23. Nxd1 b4 24. Ne3 Be6 25. Nd5 Bxd5 26. Bxd5 a5 27. e4 Bd4 28. Kf1 Kg7 29. Ke2 h6 30. f4 Bb6 31. h4 Bc7 32. Ke3 Bb6+ 33. Kf3 Bc7 34. Kg4 Bd6 35. h5 Bc7 36. Kf5 Bd6 37. g4 Be7 38. e5 fxe5 39. Kxe5 f6+ 40. Ke6 Bd8 41. Kd6 Bb6 42. Kc6 Bd8 43. Kd6 1/2-1/2

[Event "Dortmund Sparkassen op-C 47th"]
[Site "Dortmund"]
[Date "2019.07.19"]
[Round "7"]
[White "Sebastian, Thorsten"]
[Black "Ackerhans, Gerd"]
[Result "1-0"]
[WhiteElo "1333"]
[BlackElo "1271"]
[PlyCount "43"]
[EventDate "2019.07.13"]
[EventType "swiss"]
[EventRounds "9"]
[EventCountry "GER"]
[SourceTitle "CBM 192 Extra"]
[Source "Chessbase"]
[SourceDate "2019.11.06"]
[SourceVersion "1"]
[SourceVersionDate "2019.11.06"]
[SourceQuality "1"]

1. d4 Nf6 2. Nf3 d6 3. Nc3 b6 4. e4 Nbd7 5. Bb5 Bb7 6. d5 a6 7. Bc6 Bxc6 8. dxc6 Ne5 9. 0-0 Nxf3+ 10. Qxf3 e5 11. Bg5 Be7 12. Bxf6 Bxf6 13. Nd5 Be7 14. Qh5 0-0 15. f4 exf4 16. Rxf4 g6 17. Qh3 f5 18. exf5 g5 19. Re4 Bf6 20. c3 Bg7 21. Rae1 h6 22. Qh5 1-0

[Event "Dortmund Sparkassen op-C 47th"]
[Site "Dortmund"]
[Date "2019.07.18"]
[Round "6"]
[White "Muecke, Lukas Benedikt"]
[Black "Sebastian, Thorsten"]
[Result "1-0"]
[WhiteElo "1362"]
[BlackElo "1333"]
[PlyCount "117"]
[EventDate "2019.07.13"]
[EventType "swiss"]
[EventRounds "9"]
[EventCountry "GER"]
[SourceTitle "CBM 192 Extra"]
[Source "Chessbase"]
[SourceDate "2019.11.06"]
[SourceVersion "1"]
[SourceVersionDate "2019.11.06"]
[SourceQuality "1"]

1. d4 Nf6 2. Bf4 e6 3. e3 d5 4. Nd2 c5 5. c3 Nc6 6. Bd3 Bd6 7. Bg3 0-0 8. Ngf3 b6 9. Bb5 Bb7 10. Bh4 a6 11. Bxc6 Bxc6 12. 0-0 Be7 13. Ne5 Bb7 14. a4 Nd7 15. Bxe7 Qxe7 16. f4 Nxe5 17. fxe5 f6 18. Nf3 f5 19. Nd2 Bc6 20. Rf3 b5 21. axb5 axb5 22. Rxa8 Rxa8 23. Nb3 Ra2 24. Qe2 c4 25. Nc5 Be8 26. Rf1 Bf7 27. Rb1 Bg6 28. Rd1 Qe8 29. Qd2 Bh5 30. Rc1 g5 31. g3 h6 32. Qf2 Bf7 33. Rc2 Kh7 34. b3 Ra1+ 35. Kg2 cxb3 36. Nxb3 Ra3 37. Nc5 Qd8 38. Qd2 Qc8 39. Qd3 Bg6 40. Qxb5 f4 41. Qb4 Bxc2 42. Qxa3 Be4+ 43. Nxe4 dxe4 44. exf4 gxf4 45. gxf4 Qb7 46. Kf2 Kg6 47. Qb4 Qf7 48. Ke3 Qf5 49. Qb2 Qh3+ 50. Kxe4 Qf5+ 51. Ke3 Qh3+ 52. Kd2 Qxh2+ 53. Kc1 Qxf4+ 54. Qd2 Qxd2+ 55. Kxd2 Kf7 56. Ke3 Ke7 57. c4 h5 58. d5 h4 59. Kf3 1-0

[Event "Dortmund Sparkassen op-C 47th"]
[Site "Dortmund"]
[Date "2019.07.16"]
[Round "4"]
[White "Bohry, Patrick"]
[Black "Sebastian, Thorsten"]
[Result "1/2-1/2"]
[WhiteElo "1246"]
[BlackElo "1333"]
[PlyCount "72"]
[EventDate "2019.07.13"]
[EventType "swiss"]
[EventRounds "9"]
[EventCountry "GER"]
[SourceTitle "CBM 192 Extra"]
[Source "Chessbase"]
[SourceDate "2019.11.06"]
[SourceVersion "1"]
[SourceVersionDate "2019.11.06"]
[SourceQuality "1"]

1. e4 e6 2. Nf3 d5 3. exd5 exd5 4. d4 Bd6 5. Bd3 Nc6 6. 0-0 Nge7 7. Re1 Bg4 8. c3 Qd7 9. Bg5 f6 10. Bh4 0-0-0 11. Nbd2 g5 12. Bg3 Ng6 13. Bxd6 Qxd6 14. a4 Nf4 15. Bf1 Qd7 16. a5 Bh5 17. b4 g4 18. b5 Ne7 19. b6 a6 20. bxc7 Rde8 21. Nh4 g3 22. Qb3 gxh2+ 23. Kxh2 Qxc7 24. g3 Neg6 25. Ndf3 Nxh4 26. Nxh4 Bf7 27. Qc2 Bg6 28. Qb3 Be4 29. Ng2 Bxg2 30. Bxg2 Nxg2 31. Kxg2 Rxe1 32. Rxe1 Qxa5 33. Re7 Qb5 34. Qa3 Qc6 35. Qb3 Qb5 36. Qa3 Qc6 1/2-1/2

[Event "Dortmund Sparkassen op-C 47th"]
[Site "Dortmund"]
[Date "2019.07.13"]
[Round "1"]
[White "Sebastian, Thorsten"]
[Black "Schulz, Wolfgang3"]
[Result "1-0"]
[WhiteElo "1333"]
[BlackElo "890"]
[PlyCount "99"]
[EventDate "2019.07.13"]
[EventType "swiss"]
[EventRounds "9"]
[EventCountry "GER"]
[SourceTitle "CBM 192 Extra"]
[Source "Chessbase"]
[SourceDate "2019.11.06"]
[SourceVersion "1"]
[SourceVersionDate "2019.11.06"]
[SourceQuality "1"]

1. d4 Nf6 2. Nf3 d6 3. c4 e6 4. Nc3 a6 5. Bg5 Be7 6. e3 0-0 7. Bd3 Nc6 8. a3 h6 9. Bh4 Nd7 10. Bxe7 Qxe7 11. 0-0 Nf6 12. h3 Bd7 13. Qc2 Rab8 14. d5 Nd8 15. Rac1 e5 16. Ne4 c6 17. Nxf6+ Qxf6 18. Nd2 Qh4 19. Bf5 Be8 20. Qe4 Qxe4 21. Bxe4 f5 22. Bb1 Bg6 23. c5 Rf6 24. e4 f4 25. f3 b6 26. dxc6 Nxc6 27. Ba2+ Kh7 28. Bd5 Nd4 29. c6 Ne2+ 30. Kf2 Nxc1 31. Rxc1 Rc8 32. c7 Rff8 33. Bb7 Bf7 34. Bxa6 Be6 35. Bxc8 Rxc8 36. a4 d5 37. b4 dxe4 38. Nxe4 Ra8 39. Rc6 Bd7 40. Rd6 Bc8 41. Rd8 b5 42. a5 Kg6 43. Nd6 Kf6 44. Nxc8 Ra6 45. Nb6 e4 46. c8Q e3+ 47. Ke2 Ra7 48. Qc6+ Ke7 49. Qd6+ Kf7 50. Rf8# 1-0